<?xml version="1.0" encoding="UTF-8"?>
<record
    xmlns:xsi="http://www.w3.org/2001/XMLSchema-instance"
    xsi:schemaLocation="http://www.loc.gov/MARC21/slim http://www.loc.gov/standards/marcxml/schema/MARC21slim.xsd"
    xmlns="http://www.loc.gov/MARC21/slim">

  <leader>00662nam a22002057a 4500</leader>
  <controlfield tag="001">83641</controlfield>
  <controlfield tag="003">BD-RjUL</controlfield>
  <controlfield tag="005">20240505092331.0</controlfield>
  <controlfield tag="008">240505s1977    ii ||||| |||| 00| 0 urd d</controlfield>
  <datafield tag="035" ind1=" " ind2=" ">
    <subfield code="a">(BD-83641)</subfield>
  </datafield>
  <datafield tag="040" ind1=" " ind2=" ">
    <subfield code="a">BD-RjUL</subfield>
    <subfield code="b">eng</subfield>
    <subfield code="c">BD-RjUL</subfield>
  </datafield>
  <datafield tag="041" ind1=" " ind2=" ">
    <subfield code="a">urd</subfield>
  </datafield>
  <datafield tag="082" ind1=" " ind2=" ">
    <subfield code="2">23</subfield>
    <subfield code="a">891.4395</subfield>
    <subfield code="b">FAU 1977</subfield>
  </datafield>
  <datafield tag="100" ind1=" " ind2=" ">
    <subfield code="a"> &#x641;&#x627;&#x631;&#x648;&#x642;&#x6CC;&#x60C; &#x634;&#x645;&#x633; &#x627;&#x644;&#x631;&#x62D;&#x645;&#x646; ;; Farooqui, Shamsur Rahman</subfield>
    <subfield code="9">12824</subfield>
  </datafield>
  <datafield tag="245" ind1="1" ind2="0">
    <subfield code="a">&#x639;&#x631;&#x648;&#x636; &#x622;&#x6C1;&#x646;&#x6AF; &#x627;&#x648;&#x631; &#x628;&#x6CC;&#x627;&#x646; ;; Urug Ahang aur bayan /</subfield>
    <subfield code="c">&#x634;&#x645;&#x633; &#x627;&#x644;&#x631;&#x62D;&#x645;&#x646; &#x641;&#x627;&#x631;&#x648;&#x642;&#x6CC; ;; Shamsur Rahman Farooqui</subfield>
  </datafield>
  <datafield tag="260" ind1=" " ind2=" ">
    <subfield code="a">Lakhnuw : </subfield>
    <subfield code="b">Nami Press, </subfield>
    <subfield code="c">1977</subfield>
  </datafield>
  <datafield tag="300" ind1=" " ind2=" ">
    <subfield code="a">271 p. ;</subfield>
    <subfield code="c">23 cm</subfield>
  </datafield>
  <datafield tag="650" ind1=" " ind2=" ">
    <subfield code="a">Propositions</subfield>
    <subfield code="9">12825</subfield>
  </datafield>
  <datafield tag="942" ind1=" " ind2=" ">
    <subfield code="2">ddc</subfield>
    <subfield code="c">BK</subfield>
  </datafield>
  <datafield tag="999" ind1=" " ind2=" ">
    <subfield code="c">83641</subfield>
    <subfield code="d">83641</subfield>
  </datafield>
  <datafield tag="952" ind1=" " ind2=" ">
    <subfield code="0">0</subfield>
    <subfield code="1">0</subfield>
    <subfield code="2">ddc</subfield>
    <subfield code="4">0</subfield>
    <subfield code="7">1</subfield>
    <subfield code="8">NFIC</subfield>
    <subfield code="a">RUCL</subfield>
    <subfield code="b">RUCL</subfield>
    <subfield code="c">Reading</subfield>
    <subfield code="d">1980-06-13</subfield>
    <subfield code="e">India International</subfield>
    <subfield code="g">15.00</subfield>
    <subfield code="l">0</subfield>
    <subfield code="o">U 891.4395 FAU 1977</subfield>
    <subfield code="r">2024-05-05 00:00:00</subfield>
    <subfield code="t">C-1</subfield>
    <subfield code="w">2024-05-05</subfield>
    <subfield code="y">BK</subfield>
  </datafield>
</record>
